पत्थर के सैनिक/ (Record no. 202708)

MARC details
000 -LEADER
fixed length control field 00786 a2200193 4500
005 - DATE AND TIME OF LATEST TRANSACTION
control field 20240802152806.0
010 ## - LCCN (DPL NO)
LC control number B-758965
020 ## - INTERNATIONAL STANDARD BOOK NUMBER
International Standard Book Number 9788190508995
Terms of availability 200.00
035 ## - SYSTEM CONTROL NUMBER
System control number B-758965
037 ## - SOURCE OF ACQUISITION
Source of stock number/acquisition उपहार
082 ## - DEWEY DECIMAL CLASSIFICATION NUMBER
Classification number
100 ## - MAIN ENTRY--PERSONAL NAME
Personal name नूर जहीर
245 ## - TITLE STATEMENT
Title पत्थर के सैनिक/
Statement of responsibility, etc नूर जहीर
260 ## - PUBLICATION, DISTRIBUTION, ETC. (IMPRINT)
Place of publication, distribution, etc दिल्ली
Name of publisher, distributor, etc ओजस्वी प्रकाशन
Date of publication, distribution, etc 2013
270 ## - ADDRESS
Address 1/11466 ए सुभाष पार्क एक्सटेंशन नवीन शाहदरा
City दिल्ली
Postal code 110032
300 ## - PHYSICAL DESCRIPTION
Extent 160 पृष्ठ.;
Dimensions 22cm. (साजिल्द)
942 ## - ADDED ENTRY ELEMENTS (KOHA)
Institution code [OBSOLETE] dpl
Item type Children Books
Source of classification or shelving scheme Dewey Decimal Classification
Classification part
Call number suffix नूरज
Holdings
Withdrawn status Lost status Not for loan Collection code Home library Current library Date acquired Source of acquisition Full call number Barcode Cost, replacement price Koha item type Public note
      Fiction Sarojini Nagar Sarojini Nagar 06/05/2024 उपहार /29.4.24 क नूरज B-758965 20.00 Children Books उपहार

© Delhi Public Library
Hit Counter
free hit counter